Vista normal
Vista MARC
Entrada Materia (personas)
Número de registros utilizados en: 9
001 - CONTROL NUMBER
- control field: 109498
003 - CONTROL NUMBER IDENTIFIER
- control field: Co-BoUCM
005 - DATE AND TIME OF LATEST TRANSACTION
- control field: 20211014101409.0
008 - FIXED-LENGTH DATA ELEMENTS
- fixed length control field: 211014|| aca||aabn | a|a d
040 ## - CATALOGING SOURCE
- Original cataloging agency: Co-BoUCM
- Transcribing agency: Co-BoUCM
100 ## - HEADING--PERSONAL NAME
- Personal name: Dilthey, Wilhelm
- Dates associated with a name: 1833-1911
670 ## - SOURCE DATA FOUND
- Source citation: Work cat.: (Co-BoUCM)4773: Dilthey, Wilhelm 1833-1911, Hegel y el idealismo, 1978